<?xml version="1.0" encoding="UTF-8"?>
<record
    xmlns:xsi="http://www.w3.org/2001/XMLSchema-instance"
    xsi:schemaLocation="http://www.loc.gov/MARC21/slim http://www.loc.gov/standards/marcxml/schema/MARC21slim.xsd"
    xmlns="http://www.loc.gov/MARC21/slim">

  <leader>03757nam a2200469 a 4500</leader>
  <controlfield tag="003">CHAP</controlfield>
  <controlfield tag="005">20240520134800.0</controlfield>
  <controlfield tag="007">ta</controlfield>
  <controlfield tag="008">220811s2020    mx db||fr|||| 001 0 spa d</controlfield>
  <datafield tag="040" ind1=" " ind2=" ">
    <subfield code="a">mxchpua</subfield>
  </datafield>
  <datafield tag="090" ind1=" " ind2=" ">
    <subfield code="a">T.C.852</subfield>
    <subfield code="b">S26 IAI</subfield>
    <subfield code="c">2020</subfield>
  </datafield>
  <datafield tag="245" ind1="1" ind2="0">
    <subfield code="a">Reporte de fase de campo de la asignatura Interrelaci&#xF3;n Agricultura Industria de los sistemas productos l&#xE1;cteos y cacao en la regi&#xF3;n sur y oriente de M&#xE9;xico /</subfield>
    <subfield code="c">coordinadora Ofelia Sandoval Castila ; colaboradores Rub&#xE9;n Salvador &#xC1;lvarez Ortega...[y otros]</subfield>
  </datafield>
  <datafield tag="260" ind1=" " ind2=" ">
    <subfield code="a">Chapingo, M&#xE9;xico :</subfield>
    <subfield code="b">El autor,</subfield>
    <subfield code="c">2020</subfield>
  </datafield>
  <datafield tag="300" ind1=" " ind2=" ">
    <subfield code="a">211 hojas : </subfield>
    <subfield code="b">gr&#xE1;ficas, mapas, fotos</subfield>
  </datafield>
  <datafield tag="336" ind1=" " ind2=" ">
    <subfield code="2">rdacontent</subfield>
    <subfield code="a">text</subfield>
    <subfield code="b">txt</subfield>
  </datafield>
  <datafield tag="337" ind1=" " ind2=" ">
    <subfield code="2">rdamedia</subfield>
    <subfield code="a">no mediado</subfield>
    <subfield code="b">n</subfield>
  </datafield>
  <datafield tag="338" ind1=" " ind2=" ">
    <subfield code="2">rdacarrier</subfield>
    <subfield code="a">volume</subfield>
    <subfield code="b">nc</subfield>
  </datafield>
  <datafield tag="500" ind1=" " ind2=" ">
    <subfield code="a">Grado: 5&#xB0; a&#xF1;o Grupo: 01
Directorio: hojas 206-211</subfield>
  </datafield>
  <datafield tag="502" ind1=" " ind2=" ">
    <subfield code="a">Viaje de Estudios</subfield>
    <subfield code="b">(IAI) --</subfield>
    <subfield code="c">UACh. Departamento de Ingenier&#xED;a Agroindustrial,</subfield>
    <subfield code="d">2020</subfield>
  </datafield>
  <datafield tag="504" ind1=" " ind2=" ">
    <subfield code="a">Bibliograf&#xED;a: h.190-192</subfield>
  </datafield>
  <datafield tag="505" ind1="0" ind2=" ">
    <subfield code="t">1. Rancho La Herradura --
2. Rancho Esquipulas --
3. Rancho La Soledad --
4. Rancho Las Golondrinas --
5. Rancho San Jos&#xE9; Buenavista --
6. Rancho Santa Elena --
7. Agroindustria L&#xE1;cteos del Potrero S. de R.L. MI --
8. Agroindustria L&#xE1;cteos Blanquita S.P.R. de R.L. --
9. Agroindustria Quesos La Orde&#xF1;a S.A. de C.V. --
10. Agroindustria L&#xE1;cteos Santa Cruz --
11. Queser&#xED;a San Francisco --
12. Ganaderos y derivados Santa Rosa S.P.R. de R.L. de C.V. --
13. Queser&#xED;a Juquila --
14. Queser&#xED;a Petultoc --
15. Queser&#xED;a L&#xE1;cteos Maya --
16. Agroindustria Quesos Queshil --
17. Productos L&#xE1;cteos Dorados de la Selva --
18. Gregorio Jes&#xFA;s Hern&#xE1;ndez G&#xF3;mez Complementador --
19. Asociaci&#xF3;n Agr&#xED;cola de productores de cacao de Tuzantan --
20. Rancho San Isidro --
21. Organizaci&#xF3;n de productores de cacao sostenible Rayen S.P.R de R.L. --
22. Ing. Manuel Zetina Lanz -- 
23. Finca El Roc&#xED;o --
24. Agricultura Org&#xE1;nica Tabasco --
25. Rancho Las Delias --
26. Remedios C&#xF3;rdova Valenzuela Productor --
27. Vivero Hermanos P&#xE9;rez --
28. Agroforesta S.P.R. de C.V --.
29. Agroindustria Chocolater&#xED;a Maya La Parra --
30. Centro Agroecol&#xF3;gico San Francisco de As&#xED;s A.C. --
31. Chocolater&#xED;a Lu'um --
32. Adi&#xFA; Chocolate &amp; Cacao --
33. Agroindustria Cazuela, Comal y Cacao --
34. Agroindustria Hacienda La Campesina --
35. Rancho La Pasadita --
36. Agroindustria Chocolates T&#xED;a Tana S. de S.S. --
37. Hacienda La Luz --
38. Asociaciones Agroindustriales Serranas S.A. de C.V. --
39. Hacienda Jes&#xFA;s Mar&#xED;a --
40. Agroindustrias Unidas de Cacao S.A. de C.V. --
41. Instituto Nacional de Investigaciones Forestales, Agr&#xED;colas y Pecuarias --
42. Unidad Regional Universitaria Sursureste de la UACh</subfield>
    <subfield code="a">Visitas: --</subfield>
  </datafield>
  <datafield tag="650" ind1="1" ind2="3">
    <subfield code="a">Industria quesera</subfield>
    <subfield code="z">M&#xE9;xico</subfield>
    <subfield code="z">Chiapas</subfield>
  </datafield>
  <datafield tag="650" ind1="1" ind2="3">
    <subfield code="a">Queser&#xED;as</subfield>
    <subfield code="z">M&#xE9;xico</subfield>
    <subfield code="z">Chiapas</subfield>
  </datafield>
  <datafield tag="650" ind1="1" ind2="3">
    <subfield code="a">Plantas procesadoras de l&#xE1;cteos  </subfield>
    <subfield code="z">M&#xE9;xico</subfield>
    <subfield code="z">Chiapas</subfield>
  </datafield>
  <datafield tag="650" ind1="1" ind2="3">
    <subfield code="9">142991</subfield>
    <subfield code="a">Fabricaci&#xF3;n de queso</subfield>
  </datafield>
  <datafield tag="650" ind1="1" ind2="3">
    <subfield code="9">144437</subfield>
    <subfield code="a">Queso artesanal</subfield>
  </datafield>
  <datafield tag="650" ind1="1" ind2="3">
    <subfield code="a"> Industria del cacao</subfield>
    <subfield code="z">M&#xE9;xico</subfield>
    <subfield code="z">Chiapas</subfield>
  </datafield>
  <datafield tag="650" ind1="1" ind2="3">
    <subfield code="a"> Industria del cacao</subfield>
    <subfield code="z">M&#xE9;xico</subfield>
    <subfield code="z">Tabasco</subfield>
  </datafield>
  <datafield tag="650" ind1="1" ind2="3">
    <subfield code="9">150301</subfield>
    <subfield code="a">Productos derivados del cacao  </subfield>
  </datafield>
  <datafield tag="650" ind1="1" ind2="3">
    <subfield code="9">22816</subfield>
    <subfield code="a">Chocolate</subfield>
  </datafield>
  <datafield tag="650" ind1="1" ind2="3">
    <subfield code="a">Cheese industry  </subfield>
    <subfield code="z">Mexico</subfield>
    <subfield code="z">Chiapas</subfield>
  </datafield>
  <datafield tag="650" ind1="1" ind2="3">
    <subfield code="a">Cheese plants</subfield>
    <subfield code="z">Mexico</subfield>
    <subfield code="z">Chiapas</subfield>
  </datafield>
  <datafield tag="650" ind1="1" ind2="3">
    <subfield code="a">Dairy processing plants  </subfield>
    <subfield code="z">Mexico</subfield>
    <subfield code="z">Chiapas</subfield>
  </datafield>
  <datafield tag="650" ind1="1" ind2="3">
    <subfield code="9">146964</subfield>
    <subfield code="a">Cheesemaking</subfield>
  </datafield>
  <datafield tag="650" ind1="1" ind2="3">
    <subfield code="9">185223</subfield>
    <subfield code="a">Artisan cheese</subfield>
  </datafield>
  <datafield tag="650" ind1="1" ind2="3">
    <subfield code="a">Cocoa industry</subfield>
    <subfield code="z">M&#xE9;xico</subfield>
    <subfield code="z">Chiapas</subfield>
  </datafield>
  <datafield tag="650" ind1="1" ind2="3">
    <subfield code="a">Cocoa industry</subfield>
    <subfield code="z">Mexico</subfield>
    <subfield code="z">Tabasco</subfield>
  </datafield>
  <datafield tag="650" ind1="1" ind2="3">
    <subfield code="9">150295</subfield>
    <subfield code="a">Cocoa products</subfield>
  </datafield>
  <datafield tag="700" ind1="1" ind2=" ">
    <subfield code="a">Sandoval Castilla, Ofelia</subfield>
    <subfield code="e">coordinadora</subfield>
    <subfield code="9">151810</subfield>
  </datafield>
  <datafield tag="700" ind1="1" ind2=" ">
    <subfield code="9">185268</subfield>
    <subfield code="a">&#xC1;lvarez Ortega, Rub&#xE9;n Salvador</subfield>
    <subfield code="e">colaborador</subfield>
  </datafield>
  <datafield tag="856" ind1="4" ind2="1">
    <subfield code="u">http://10.13.5.2/ve/T_C_852_IAI/T_C_852_IAI_2020_pdf</subfield>
    <subfield code="y">DESCARGAR REPORTE</subfield>
  </datafield>
  <datafield tag="999" ind1=" " ind2=" ">
    <subfield code="c">217598</subfield>
    <subfield code="d">217598</subfield>
  </datafield>
  <datafield tag="952" ind1=" " ind2=" ">
    <subfield code="0">0</subfield>
    <subfield code="1">0</subfield>
    <subfield code="2">local</subfield>
    <subfield code="4">0</subfield>
    <subfield code="5">1</subfield>
    <subfield code="7">0</subfield>
    <subfield code="8">VE</subfield>
    <subfield code="a">IA_</subfield>
    <subfield code="b">IA_</subfield>
    <subfield code="d">2022-08-11</subfield>
    <subfield code="e">El autor</subfield>
    <subfield code="l">0</subfield>
    <subfield code="o">T.C.852 S26 IAI 2020</subfield>
    <subfield code="p">1106013580</subfield>
    <subfield code="r">2026-01-26 00:00:00</subfield>
    <subfield code="t">Ej.1</subfield>
    <subfield code="y">VE</subfield>
  </datafield>
  <datafield tag="952" ind1=" " ind2=" ">
    <subfield code="0">0</subfield>
    <subfield code="1">0</subfield>
    <subfield code="2">local</subfield>
    <subfield code="4">0</subfield>
    <subfield code="5">5</subfield>
    <subfield code="7">0</subfield>
    <subfield code="8">VE</subfield>
    <subfield code="a">IA_</subfield>
    <subfield code="b">IA_</subfield>
    <subfield code="d">2022-08-11</subfield>
    <subfield code="e">El autor</subfield>
    <subfield code="l">0</subfield>
    <subfield code="o">T.C.852 S26 IAI 2020</subfield>
    <subfield code="p">1106013581</subfield>
    <subfield code="r">2026-01-26 00:00:00</subfield>
    <subfield code="t">Ej.2</subfield>
    <subfield code="y">VE</subfield>
  </datafield>
  <datafield tag="952" ind1=" " ind2=" ">
    <subfield code="0">0</subfield>
    <subfield code="1">0</subfield>
    <subfield code="2">local</subfield>
    <subfield code="4">0</subfield>
    <subfield code="7">0</subfield>
    <subfield code="8">VEE</subfield>
    <subfield code="a">IA_</subfield>
    <subfield code="b">IA_</subfield>
    <subfield code="c">E_L</subfield>
    <subfield code="d">2023-02-23</subfield>
    <subfield code="e">El autor</subfield>
    <subfield code="l">0</subfield>
    <subfield code="o">T.C.852 S26 IAI 2020</subfield>
    <subfield code="p">1206013580</subfield>
    <subfield code="r">2024-05-20 00:00:00</subfield>
    <subfield code="w">2023-02-23</subfield>
    <subfield code="y">VEE</subfield>
  </datafield>
</record>
